000 00662cam a22002291 4500
001 ne 65001292
003 DLC
005 20260227111814.0
008 840112s1964 ua b 000 0 arar
010 _ane 65001292
035 _a(OCoLC)10294122
040 _aDLC
_cTxU
_dDLC
042 _apremarc
050 0 0 _aHD2956
_b.R5
100 1 _aRafāʻī, Jamāl.
245 1 3 _aal-Taʻāwun fī al-ʻālam,
_cbi-qalam Jamāl Rifāʻī.
260 _a[al-Qāhirah,
_bal-Dār al-Qawmīyah lil-Ṭibāʻah wa-al-Nashr,
_c1964]
300 _a112 p.
_c24 cm.
490 0 _aMin al-Sharq wa-al-Gharb,
_v129
504 _aBibliography: p. 112.
650 0 _aCooperation.
999 _c48222
_d48222